000 00244nmm a2200085Ia 4500
008 220120s9999||||xx |||||||||||||||||und||
100 _aDigit
245 0 _a15 plus spying software, 25 plus desktop security tools, 25
260 _aNine dot Nine
_c2014
999 _c139934
_d139934